[Event "Olimpiade 2016 - Donne"]
[Site "Baku"]
[Date "12.09.2016"]
[Round "10.63"]
[Board "2"]
[White "Terubea, Cydel"]
[Black "Angolikin, Goretti"]
[Result "1/2-1/2"]
[BlackTitle "WFM"]
[WhiteElo "1363"]
[BlackElo "1613"]
[WhiteTeam "Fiji"]
[BlackTeam "Uganda"]
[WhiteFideId "11400455"]
[BlackFideId "10000429"]
[EventDate "2016.09.02"]

1. e4 c6 2. d4 d5 3. exd5 cxd5 4. g3 Bf5 5. Bd3 Bxd3 6. Qxd3 Nf6 7. Nc3 a6 8.
Nge2 e6 9. Bf4 Bd6 10. h3 Nc6 11. Bxd6 Qxd6 12. a3 O-O 13. f4 b5 14. O-O-O b4
15. Nb1 bxa3 16. Qxa3 Qc7 17. Qf3 Rac8 18. Nec3 Nb4 19. Qg2 Ne4 20. Rh2 Nd6 21.
Na3 Rb8 22. Kd2 Rfc8 23. Ke1 Nc6 24. b3 Nxd4 25. Nab1 N4f5 26. Rd3 Qa5 27. Qd2
Nxg3 28. Rxg3 Nb5 29. Nxb5 Qxb5 30. Qd4 g6 31. Qd3 Qa5+ 32. Qd2 Qa1 33. Qd1 a5
34. Nc3 Qa3 35. Nb1 Qb2 36. Rgg2 a4 37. c3 Qxb3 38. Qxb3 axb3 39. Rb2 Rc4 40.
Rhf2 d4 41. cxd4 Rxd4 42. Nd2 Rd3 43. Rf3 Rxf3 44. Nxf3 Rb4 45. Nd2 Rxf4 46.
Rxb3 Rd4 47. Nf3 Rf4 48. Ke2 h6 49. h4 Kg7 50. Ke3 Rf5 1/2-1/2

[Event "Olimpiade 2016 - Donne"]
[Site "Baku"]
[Date "12.09.2016"]
[Round "10.63"]
[Board "3"]
[White "Kabengano, Joyce"]
[Black "Prasad, Tanvi"]
[Result "1-0"]
[WhiteElo "1559"]
[BlackElo "1339"]
[WhiteTeam "Uganda"]
[BlackTeam "Fiji"]
[WhiteFideId "10000836"]
[BlackFideId "11401117"]
[EventDate "2016.09.02"]

1. e4 e5 2. Nf3 Nc6 3. Bc4 Nf6 4. d3 Bc5 5. h3 O-O 6. O-O d5 7. exd5 Nxd5 8. Re1
Re8 9. Bxd5 Qxd5 10. Nc3 Qd8 11. Ne4 Bd6 12. a3 Nd4 13. Be3 Nxf3+ 14. Qxf3 a6
15. b4 Rb8 16. Qh5 Be6 17. Ng5 h6 18. Nxe6 Rxe6 19. Qf3 b6 20. c4 c5 21. Rab1
cxb4 22. axb4 b5 23. c5 Be7 24. Bd2 Rc8 25. Bc3 Rf6 26. Qd1 Qd5 27. Rxe5 Qd7 28.
Rxe7 Qxe7 29. Bxf6 Qxf6 30. d4 Rd8 31. d5 Qe5 32. d6 a5 33. Qd3 axb4 34. Qxb5
Rxd6 35. Qb8+ Kh7 36. Qxd6 Qxd6 37. cxd6 Kg6 38. d7 f6 39. d8=Q Kh7 40. Rxb4 Kg6
41. Qd3+ Kf7 42. Rb6 Ke7 43. Qd6+ Kf7 44. Rb7+ Kg6 45. Qg3+ Kf5 46. Qg4+ Ke5 47.
Rb5+ Kd6 48. Qe4 Kd7 49. Rb6 Kc7 50. Qb7+ Kd8 51. Ra6 Ke8 52. Ra8# 1-0

[Event "Olimpiade 2016 - Donne"]
[Site "Baku"]
[Date "12.09.2016"]
[Round "10.63"]
[Board "4"]
[White "Goswami, Sugandha"]
[Black "Namaganda, Christine"]
[Result "0-1"]
[BlackTitle "WFM"]
[WhiteElo "1276"]
[BlackElo "1555"]
[WhiteTeam "Fiji"]
[BlackTeam "Uganda"]
[WhiteFideId "11400510"]
[BlackFideId "10000445"]
[EventDate "2016.09.02"]

1. e4 d6 2. d4 Nf6 3. Nc3 g6 4. Be3 Bg7 5. Qd2 c6 6. O-O-O b5 7. f3 a5 8. a3 b4
9. Nb1 bxa3 10. Nxa3 O-O 11. Bd3 Ba6 12. Ne2 Bxd3 13. Qxd3 Na6 14. g4 Nb4 15.
Qd2 Qb6 16. d5 c5 17. h4 Na2+ 18. Kb1 Nxe4 19. Nc4 Nxd2+ 20. Bxd2 Qb5 21. b3 Nb4
22. Nc3 Qb7 23. Na4 Rfb8 24. h5 Nxc2 25. Ncb6 Nd4 26. hxg6 fxg6 27. Bh6 Ra6 28.
Bxg7 Kxg7 29. g5 Rxb6 30. Nxb6 Qxb6 31. Rd3 Nxb3 32. Kc2 Nd4+ 33. Kd2 Qb2+ 34.
Ke3 Nf5+ 0-1

[Event "Olimpiade 2016 - Donne"]
[Site "Baku"]
[Date "12.09.2016"]
[Round "10.64"]
[Board "1"]
[White "Kukula, Esi"]
[Black "Szekely, Olga"]
[Result "0-1"]
[WhiteElo "1264"]
[BlackElo "1754"]
[WhiteTeam "Ghana"]
[BlackTeam "Guam"]
[WhiteFideId "12600555"]
[BlackFideId "31000410"]
[EventDate "2016.09.02"]

1. e4 d6 2. d4 Nf6 3. Nc3 g6 4. Bc4 Bg7 5. Nge2 O-O 6. f3 Nc6 7. Be3 e5 8. O-O
h6 9. Qd2 Kh7 10. a3 a6 11. Rad1 exd4 12. Nxd4 Nxd4 13. Bxd4 Be6 14. Be2 Nh5 15.
Be3 Qh4 16. Bf2 Qe7 17. b4 Rad8 18. Qe3 c6 19. e5 Bxe5 20. f4 Nxf4 21. Ne4 Nxe2+
22. Qxe2 b5 23. Bg3 Bc4 24. Bh4 Qxh4 25. Qd2 Qxe4 26. Rfe1 Qf4 27. Qxf4 Bxf4 28.
Rd4 Be5 29. Rde4 f5 30. R4e3 Bd4 0-1

[Event "Olimpiade 2016 - Donne"]
[Site "Baku"]
[Date "12.09.2016"]
[Round "10.67"]
[Board "1"]
[White "Vilhete, Vania Fausto Da T."]
[Black "Jennitha, Anto K."]
[Result "0-1"]
[WhiteTitle "WIM"]
[BlackTitle "WIM"]
[WhiteElo "1741"]
[BlackElo "1953"]
[WhiteTeam "Mozambique"]
[BlackTeam "IPCA"]
[WhiteFideId "14800144"]
[BlackFideId "5018218"]
[EventDate "2016.09.02"]

1. d4 Nf6 2. c4 e6 3. Nc3 Bb4 4. Bf4 O-O 5. e3 d5 6. Nf3 Nbd7 7. Bd3 dxc4 8.
Bxc4 Nb6 9. Bd3 Nbd5 10. Qc2 Nxf4 11. exf4 Qd6 12. Qd2 b6 13. O-O Bb7 14. Ne5
Rad8 15. Rfd1 h6 16. Rac1 Nd5 17. f5 exf5 18. Bxf5 Ne7 19. Bb1 Bxc3 20. bxc3 f6
21. Ng4 f5 22. Ne5 Ng6 23. f4 c5 24. Qf2 Nxe5 25. fxe5 Qd5 26. c4 Qe6 27. dxc5
Rxd1+ 28. Rxd1 Qxe5 29. cxb6 axb6 30. Qxb6 Qe2 31. Qxb7 Qxd1+ 32. Kf2 Qd4+ 33.
Kf3 Qg4+ 34. Kf2 Qxc4 35. Qb2 Qh4+ 36. Kf3 Qxh2 37. Qb3+ Kh8 38. a4 Qh5+ 39. Kf2
Qh4+ 40. Kg1 Re8 41. g3 Qd4+ 42. Kf1 Qd2 0-1

[Event "Olimpiade 2016 - Donne"]
[Site "Baku"]
[Date "12.09.2016"]
[Round "10.67"]
[Board "4"]
[White "Kaydanovich, Marina"]
[Black "Castro, Neusa Aridas De"]
[Result "1-0"]
[WhiteTitle "WIM"]
[WhiteElo "1809"]
[BlackElo "1476"]
[WhiteTeam "IPCA"]
[BlackTeam "Mozambique"]
[WhiteFideId "4134877"]
[BlackFideId "14800250"]
[EventDate "2016.09.02"]

1. d4 d5 2. c4 c6 3. Nc3 Nf6 4. Nf3 Bg4 5. Ne5 Bf5 6. e3 g6 7. g4 Bc8 8. g5 Nfd7
9. Ng4 e6 10. e4 dxe4 11. Nxe4 Bb4+ 12. Bd2 Qa5 13. c5 Bxd2+ 14. Qxd2 Qxd2+ 15.
Kxd2 b6 16. Nd6+ Kf8 17. Nxc8 bxc5 18. dxc5 Nxc5 19. Ke3 Nbd7 20. Nd6 Rb8 21. b3
Rb4 22. Nc4 Ke7 23. Bg2 Rc8 24. Rhd1 Nb8 25. Nge5 Nb7 26. f4 a5 27. Rab1 f6 28.
gxf6+ Kxf6 29. a3 Rb5 30. a4 Rc5 31. h4 Rd8 32. Bf3 Ke7 33. Rxd8 Nxd8 34. Rd1
Na6 35. Rd7+ Ke8 36. Rxh7 Nb4 37. Nxg6 Nf7 38. Nge5 Nxe5 39. fxe5 Nd5+ 40. Kd4
Rxc4+ 41. bxc4 Nb4 42. Kc5 Nd3+ 43. Kd6 c5 44. Bc6+ Kf8 45. Kxe6 Kg8 46. Ra7
Nf4+ 47. Kd6 Nd3 48. e6 1-0

[Event "Olimpiade 2016 - Donne"]
[Site "Baku"]
[Date "13.09.2016"]
[Round "11.33"]
[Board "2"]
[White "Blagojevic, Tijana"]
[Black "Gjergji, Rozana"]
[Result "1-0"]
[WhiteTitle "WIM"]
[BlackTitle "WCM"]
[WhiteElo "2223"]
[BlackElo "1947"]
[WhiteTeam "Montenegro"]
[BlackTeam "Albania"]
[WhiteFideId "16500270"]
[BlackFideId "4700147"]
[EventDate "2016.09.02"]

1. e4 d5 2. exd5 Qxd5 3. Nf3 Nf6 4. d4 c6 5. Be2 Bf5 6. O-O e6 7. c4 Qd8 8. Nc3
Bd6 9. Qb3 Qc7 10. Rd1 O-O 11. h3 Nbd7 12. Be3 Rfe8 13. Rac1 e5 14. c5 Bf8 15.
Bc4 Be6 16. Bxe6 Rxe6 17. dxe5 Nxe5 18. Nxe5 Qxe5 19. Qxb7 Rb8 20. Qxa7 Rxb2 21.
Rd8 Re8 22. Rxe8 Nxe8 23. Qd7 Qe6 24. Qxe6 fxe6 25. Rb1 Rc2 26. Ne4 Rc4 27. Ng5
Nc7 28. Rb8 h6 29. Nf3 Nd5 30. Ne5 Nxe3 31. fxe3 Rxc5 32. Rxf8+ 1-0